| 000 | 00947nam a22001577a 4500 | ||
|---|---|---|---|
| 003 | OSt | ||
| 005 | 20151008143009.0 | ||
| 008 | 151008b xxu||||| |||| 00| 0 eng d | ||
| 040 | _cRUA | ||
| 082 | _aAVM YIN 2008 B081 Or.1 | ||
| 100 |
_92362 _aYIN, RAIYA. |
||
| 245 | _aUsing of fish meal and concentrate feed (GF: 74A) on home made feed for growing fattening pig in sros yakoun village sanlong commune trang district takeo province, ការប្រើប្រាស់ម្សៅត្រី និងចំណីផ្សំស្រេច(GF: 74A) បន្ថែមលើចំណីរបស់ប្រជាកសិករលើការលូតលាស់របស់ជ្រូកសាច់នៅភូមិស្រះតាកូន ឃុំសន្លុង ស្រុកត្រាំងខេត្តតាកែវ | ||
| 260 |
_aPhnom Penh _bRUA _c2008 |
||
| 300 |
_a33p. _bill. _c29cm. |
||
| 942 |
_2ddc _cAVM |
||
| 999 |
_c2224 _d2224 |
||